[Event "ARG-ch 96th"]
[Site "Buenos Aires"]
[Date "2022.06.08"]
[Round "7"]
[White "Elman, Cristian"]
[Black "Silva, Lucas"]
[Result "0-1"]
[WhiteElo "2067"]
[BlackElo "2232"]
[PlyCount "78"]
[EventDate "2022.06.02"]
[EventType "swiss"]
[EventRounds "11"]
[EventCountry "ARG"]
[SourceTitle "CBM 208 Extra"]
[Source "ChessBase"]
[SourceDate "2022.07.31"]
[SourceVersion "1"]
[SourceVersionDate "2022.07.31"]
[SourceQuality "1"]

1. e4 c5 2. Nf3 d6 3. d4 cxd4 4. Nxd4 Nf6 5. Nc3 a6 6. Be2 e5 7. Nb3 Be7 8. 0-0 0-0 9. Be3 Be6 10. f4 exf4 11. Rxf4 Nc6 12. Nd5 Ne5 13. Qd2 Ng6 14. Nxe7+ Qxe7 15. Rff1 Nxe4 16. Qd4 d5 17. Nd2 Nd6 18. Bd3 Rac8 19. b3 Nb5 20. Qb2 Qa3 21. Qb1 Rfe8 22. Nf3 Bg4 23. Bxb5 Rxe3 24. Bd3 Qc5 25. Kh1 Bxf3 26. Rxf3 Rxf3 27. gxf3 Qf2 28. Qf1 Qxf1+ 29. Rxf1 Nf4 30. Re1 Kf8 31. Re5 g6 32. Re3 Rc3 33. Kg1 Nxd3 34. Rxd3 Rxc2 35. Rxd5 Rxa2 36. Rd7 b5 37. Rb7 Ra3 38. Kg2 Rxb3 39. Kg3 Kg7 0-1

[Event "ARG-ch 96th"]
[Site "Buenos Aires"]
[Date "2022.06.03"]
[Round "2"]
[White "Silva, Lucas"]
[Black "Semprevivo, Florencia"]
[Result "1-0"]
[WhiteElo "2232"]
[BlackElo "1972"]
[PlyCount "115"]
[EventDate "2022.06.02"]
[EventType "swiss"]
[EventRounds "11"]
[EventCountry "ARG"]
[SourceTitle "CBM 208 Extra"]
[Source "ChessBase"]
[SourceDate "2022.07.31"]
[SourceVersion "1"]
[SourceVersionDate "2022.07.31"]
[SourceQuality "1"]

1. d4 d5 2. c4 e6 3. Nc3 Nf6 4. cxd5 exd5 5. Bg5 c6 6. Qc2 Be7 7. e3 Bg4 8. h3 Bh5 9. f4 h6 10. Bxf6 Bxf6 11. Bd3 Qe7 12. Kd2 0-0 13. g4 Bg6 14. Bxg6 fxg6 15. Qxg6 Qb4 16. Kc2 c5 17. g5 hxg5 18. fxg5 Bxd4 19. exd4 cxd4 20. Qe6+ Kh8 21. a3 d3+ 22. Kxd3 Qc4+ 23. Kd2 Nc6 24. Re1 Qf4+ 25. Qe3 Qxe3+ 26. Rxe3 d4 27. Re4 dxc3+ 28. bxc3 Rf1 29. Re1 Rd8+ 30. Ke2 Rxe1+ 31. Kxe1 Rd3 32. Ne2 Rd5 33. h4 Ra5 34. Rf1 Kg8 35. g6 Ne7 36. Nf4 Rxa3 37. Kd2 Ra6 38. h5 Rd6+ 39. Nd3 Nd5 40. Rf7 Nf6 41. Rxb7 Kf8 42. Rf7+ Ke8 43. Rxg7 Nxh5 44. Rxa7 Rxg6 45. c4 Kd8 46. Kc3 Ng7 47. Nf4 Rg3+ 48. Kb4 Nf5 49. Ne6+ Kc8 50. c5 Rg1 51. Kb5 Kb8 52. Rd7 Rb1+ 53. Kc6 Re1 54. Rd8+ Ka7 55. Nc7 Ne7+ 56. Kd7 Kb7 57. Nb5 Ka6 58. Nd6 1-0

[Event "ARG-ch 96th"]
[Site "Buenos Aires"]
[Date "2022.06.02"]
[Round "1"]
[White "Mezhenskyy, Mark"]
[Black "Silva, Lucas"]
[Result "0-1"]
[WhiteElo "1812"]
[BlackElo "2232"]
[PlyCount "82"]
[EventDate "2022.06.02"]
[EventType "swiss"]
[EventRounds "11"]
[EventCountry "ARG"]
[SourceTitle "CBM 208 Extra"]
[Source "ChessBase"]
[SourceDate "2022.07.31"]
[SourceVersion "1"]
[SourceVersionDate "2022.07.31"]
[SourceQuality "1"]

1. e4 c5 2. d4 cxd4 3. c3 dxc3 4. Nxc3 Nc6 5. Nf3 e6 6. Bc4 a6 7. 0-0 b5 8. Bb3 Bb7 9. Qe2 Nge7 10. Bg5 f6 11. Be3 Ng6 12. Rfd1 Qb8 13. Qd2 Bc8 14. Nd4 Na5 15. Rac1 Ne5 16. Bf4 Nxb3 17. axb3 Be7 18. h4 0-0 19. Nf3 Nxf3+ 20. gxf3 e5 21. Be3 Bb4 22. Kh2 Rf7 23. Rg1 Bb7 24. Rg2 Kh8 25. Qc2 Bxc3 26. Qxc3 Qe8 27. Qc7 d5 28. Qc2 Rc8 29. Bc5 b4 30. Qd2 dxe4 31. fxe4 Bxe4 32. Rgg1 a5 33. Bb6 Ra8 34. Rc5 Rb7 35. Bxa5 Qh5 36. Kg3 Rd7 37. Qxd7 Qf3+ 38. Kh2 Qxf2+ 39. Kh3 Bf5+ 40. Qxf5 Qxf5+ 41. Rg4 h5 0-1